MARC

LEADER 00000nam0a2200000 4500
001 280695
005 20231101235330.0
035 |a (RuTPU)RU\TPU\book\304251 
035 |a RU\TPU\book\303951 
090 |a 280695 
100 |a 20150114d1986 k y0rusy50 ca 
101 0 |a rus 
102 |a RU 
105 |a a z 001zy 
200 1 |a Теория групп, гравитация и физика элементарных частиц  |e [сборник научных трудов]  |f Академия наук СССР (АН СССР), Физический институт им. П. Н. Лебедева (ФИАН) ; гл. ред. Н. Г. Басов ; отв. за вып. А. А. Комар 
210 |a Москва  |c Наука  |d 1986 
215 |a 278 с.  |c ил. 
225 1 |a Труды физического института им. П. Н. Лебедева (ФИАН)  |v Т. 167 
320 |a Библиогр. в конце ст. 
606 1 |a Группы, теория  |x (математика)  |2 stltpush  |3 (RuTPU)RU\TPU\subj\8861  |9 36192 
606 1 |a Гравитация  |x (механика)  |2 stltpush  |3 (RuTPU)RU\TPU\subj\64891  |9 81591 
606 1 |a Элементарные частицы  |2 stltpush  |3 (RuTPU)RU\TPU\subj\21082  |9 46124 
610 1 |a физика 
610 1 |a квантовые эффекты 
610 1 |a гравитационные поля 
610 1 |a эффект Ааронова-Бома 
610 1 |a нестационарные системы 
610 1 |a функции Вигнера 
610 1 |a движение 
610 1 |a квантовые системы 
610 1 |a нелинейные уравнения 
675 |a 512.54  |v 3 
675 |a 531.5  |v 3 
675 |a 539.12  |v 3 
702 1 |a Басов  |b Н. Г.  |4 651 
702 1 |a Комар  |b А. А.  |4 540 
712 0 2 |a Академия наук СССР (АН СССР)  |b Физический институт им. П. Н. Лебедева (ФИАН)  |c (Москва)  |2 stltpush  |3 (RuTPU)RU\TPU\col\13766 
801 1 |a RU  |b 63413507  |c 20090330  |g PSBO 
801 2 |a RU  |b 63413507  |c 20210723  |g PSBO 
942 |c BK